[Event "USA-ch"]
[Site "Seattle"]
[Date "2002.01.09"]
[Round "5"]
[White "Sagalchik, Gennadij"]
[Black "Kaufman, Larry C"]
[Result "0-1"]
[WhiteElo "2531"]
[BlackElo "2400"]
[Annotator "Huzman,A"]
[PlyCount "50"]
[EventDate "2002.01.05"]
[EventType "swiss"]
[EventRounds "9"]
[EventCountry "USA"]
[SourceTitle "CBM 087"]
[Source "ChessBase"]
[SourceDate "2002.03.21"]
[SourceVersion "1"]
[SourceVersionDate "2002.03.21"]
[SourceQuality "1"]

1. d4 d5 2. c4 dxc4 3. e3 Nf6 4. Bxc4 e6 5. Nf3 c5 6. Qe2 a6 7. O-O b5 8. Bd3
cxd4 9. exd4 Nc6 10. a4 bxa4 11. Bg5 (11. Rxa4 Nb4 (11... Be7 12. Bxa6 O-O 13.
Rd1 Qb6 14. Bb5 Rxa4 15. Bxa4 Ba6 16. Qe1 {0,5/Vincze,I-Kallai,G/Kobanya op (5)
/1991/}) 12. Bb5+ (12. Bc4 Be7 13. Bd2 (13. Bg5 a5 14. Bb5+ Bd7 15. Ne5 O-O 16.
Rxb4 axb4 17. Bxd7 Nxd7 18. Nc6 Bxg5 19. Nxd8 Rfxd8 $44 {Portisch,L-Seirawan,Y/
Dubai ol/1986/ (23)}) 13... Nfd5 14. Ne5 O-O 15. Ra3 f6 16. Ng4 Nc6 17. Rd3 Rb8
18. Bc1 Na5 19. Ba2 f5 20. Ne5 Nb4 21. Rh3 Qe8 22. Bd2 Nxa2 23. Bxa5 Nb4 24.
Nc3 $13 {Lau,R-Vladimirov,E/Rotterdam EU-CUP f/1988/}) 12... Bd7 13. Bxd7+ Qxd7
14. Nc3 Be7 15. Bg5 O-O 16. Bxf6 gxf6 17. Ra5 Kh8 18. Rh5 Rg8 19. Re1 $14 {
1-0 Kozul,Z-Psakhis,L/Zagreb 1993/CBM 35/ (40)}) 11... Be7 12. Bxf6 gxf6 (12...
Bxf6 13. Be4 Bb7 14. Rxa4 O-O 15. Rc1 (15. Qc2 Rc8 16. Nc3 g6 $11) 15... Rc8
16. Rac4 Qb6 17. Nc3 Na5 $11) 13. Be4 Bb7 14. Rd1 {[%cal Gd4d5]} Qb6 15. Nc3 (
15. d5 Nb4 16. d6 Bxe4 17. d7+ Kd8 (17... Kf8 18. Qxe4 Rd8 19. Nc3 $36) 18.
Qxe4 Ra7 19. Nc3 Qb8 20. Nxa4 (20. Nd4 Rxd7 21. Nxe6+ fxe6 22. Qxe6 Nd3) 20...
Rxd7 21. Rxd7+ Kxd7 22. Rd1+ Ke8 $13) 15... Nb4 16. Bxb7 (16. Nxa4 Qa7 (16...
Qb5 17. Qxb5+ axb5 18. Bxb7 Rxa4 19. Rxa4 bxa4 20. Ra1 Kd7 21. Rxa4 Kc7 22. Be4
Kb6 $14) 17. Nc5 Bxe4 18. Qxe4 Rc8 19. Ra4 Qb6 $11) 16... Qxb7 17. d5 $1 {
[%mdl 544] a typical pawn sacrifice, the idea of which is to destroy the black
K's pawn cover and to prepare the d4-square for the Nf3.} Nxd5 18. Nxd5 exd5
19. Nd4 (19. Rxa4 O-O 20. Nd4 $44) 19... Kf8 (19... Qd7 20. Qh5 $44 {[%cal
Gd4f5]}) 20. Nf5 (20. Qh5 $5) 20... h5 21. Rxd5 $16 Re8 22. Rad1 Qc6 23. h4 {
[%mdl 4]} Bb4 24. Rd8 a5 25. R1d7 $4 {[%mdl 8192] A terrible blunder,spoiling
this quite a perfect game.} (25. Rxe8+ Qxe8 26. Qa6 $1 $18) 25... Qxd7 0-1

[Event "Yerevan Zonal"]
[Site "Yerevan"]
[Date "1981.02.??"]
[Round "11"]
[White "Giorgadze, Tamaz"]
[Black "Kupreichik, Viktor D"]
[Result "0-1"]
[WhiteElo "2530"]
[BlackElo "2575"]
[Annotator "Kharitonov,A"]
[PlyCount "80"]
[EventDate "1982.02.??"]
[EventType "tourn"]
[EventRounds "15"]
[EventCountry "URS"]
[EventCategory "12"]
[SourceTitle "MCL"]
[Source "ChessBase"]
[SourceDate "1999.07.01"]
[SourceVersion "1"]
[SourceVersionDate "1999.07.01"]
[SourceQuality "1"]

1. d4 d5 2. c4 dxc4 3. Nf3 a6 4. e3 e6 (4... b5 $6 5. a4 c6 6. b3 cxb3 7. axb5
cxb5 8. Bxb5+ $16) 5. Bxc4 c5 6. O-O Nf6 7. Qe2 b5 (7... cxd4 8. exd4 b5 9. Bb3
Bb7 10. Nc3 Be7 11. Bg5 O-O 12. Rad1) 8. Bd3 cxd4 $1 (8... Bb7 9. dxc5 Bxc5 10.
e4 $14) (8... Nc6 9. a4 $1 b4 10. dxc5 Bxc5 11. e4 e5 12. Be3 Bxe3 13. fxe3 $16
{Keres,P-Smyslov,V/Budapest/1952/1:0 (42)}) 9. exd4 (9. Nxd4 Bb7 10. Nc3 Be7
11. Rd1 Nbd7 $10) 9... Be7 (9... Bb7 10. a4 bxa4 $1 (10... b4 $6 11. Nbd2 Be7
12. Nc4 a5 13. Bf4 O-O 14. Rfd1 $14 {Landau-Reshevsky,S/Kemeri/1937/}) 11. Rxa4
(11. Bc2 Be7 12. Bxa4+ Nfd7 $5 {Keres/}) (11. Bg5 Be7 12. Nc3 O-O 13. Nxa4 Nc6
14. Rfd1 Nb4 $10 {Furman,S-Keres,P/Urs(ch)/1947/0:1 (54)}) 11... Be7 12. Nbd2
O-O $10 {Barcza,G-Keres,P/Budapest/1952/0:1 (37)}) 10. Nc3 Nc6 (10... Bb7 11.
Bg5 Nbd7 $5 12. Rad1 O-O 13. Rfe1 Nb6 $13) 11. Rd1 Nb4 12. Bb1 Bb7 13. Ne5 Rc8
14. Bg5 O-O 15. a3 Nbd5 16. Rd3 (16. Qd3 $6 Nxc3 17. bxc3 (17. Bxf6 Nxb1 18.
Bxe7 Qxe7 19. Raxb1 Rfd8 $17) 17... Be4 18. Qh3 Bxb1 19. Raxb1 Nd5 20. Bxe7
Qxe7 $17) 16... Nxc3 $5 17. bxc3 Nd5 18. Bd2 (18. Rh3 $2 Bxg5 19. Bxh7+ Kh8 $19
) (18. Bxe7 Qxe7 19. Qd2 Rc7 $15) 18... g6 (18... Bg5 $15) 19. Rh3 (19. Bh6 Bg5
(19... Nxc3 20. Qe1 Qd5 21. Nf3) 20. Bxf8 Nf4 21. Qd1 Nxd3 22. Qxd3 Kxf8 23. a4
Qd5 24. Nf3 Bf6 $15) 19... Bg5 20. Be4 Rc7 21. Rf1 Bxd2 22. Qxd2 f6 23. Nd3 Qd6
(23... Nxc3 $2 24. Bxb7) (23... Rxc3 24. Bxd5 Qxd5 25. Nf4 $18) 24. Rg3 (24.
Nc5 $5 Ba8 25. f4 $13) 24... f5 $5 (24... Qxa3 $6 25. Nc5 Rxc5 $8 26. dxc5 Qxc5
27. Qh6 $40) 25. Bxd5 (25. Bf3 Qxa3 $5 26. Nc5 Rxc5 27. dxc5 Qxc5 $44) 25...
Bxd5 26. Ne5 (26. Nc5 Bxg2 $1 27. Kxg2 Rxc5 $19) 26... f4 $5 (26... Rfc8 27. h4
$1) 27. Rg4 f3 (27... Qxa3 28. Rxf4 Qxc3 29. Rxf8+ Kxf8 30. Qf4+ Kg8 31. Ng4
$36) 28. gxf3 (28. g3 Qxa3 29. Rf4 Rfc8 $19) 28... Qxa3 (28... Bxf3 29. Rg3 (
29. Nxf3 $2 Rxf3 30. Rg3 Rcxc3 31. Qxc3 Qxg3+ 32. hxg3 Rxc3 $19) 29... Bb7 30.
Qb2 Qd5 31. f3 Rfc8 $15) 29. h4 Rf5 (29... Qxc3 30. Qh6 Rg7 31. h5 $40) 30. Qh6
Rg7 31. Qe3 Rc7 32. c4 $6 (32. Qh6 Qf8 $1) (32. Rc1 $5 $15) 32... Qxe3 33. fxe3
Bxc4 34. Ra1 b4 $17 (34... Be2 $2 35. Rxa6 Bxf3 36. Nxf3 Rxf3 37. Rxe6 $10) 35.
Nxc4 $2 (35. Rc1 $142 b3 36. Nxc4 (36. Rxc4 b2 $19) (36. Rg2 Rxe5 37. dxe5 a5
38. Ra1 Ra7) 36... b2 37. Rb1 Rxc4 38. Rxb2 Rxf3 $17) 35... Rxc4 36. Rxa6 Rb5
37. Rg5 Rb8 38. Rc5 $2 (38. Ra2 b3 39. Rb2 Rc2 40. Rg2 (40. Rb1 b2 41. Rc5 Rd2
42. Rc3 Ra8 43. Rb3 Ra2 $19) 40... Rxb2 41. Rxb2 Kf7 42. e4 $15) 38... b3 $1
$19 39. Ra1 b2 40. Rb1 Ra4 (40... Ra4 41. Rc2 Ra1 42. Rcxb2 Rxb1+ $19) 0-1

[Event "Rostock-10 GM Group"]
[Site "Rostock"]
[Date "1984.08.14"]
[Round "4"]
[White "Knaak, Rainer"]
[Black "Chekhov, Valery A"]
[Result "1/2-1/2"]
[WhiteElo "2490"]
[BlackElo "2535"]
[Annotator "Knaak,R"]
[PlyCount "26"]
[EventDate "1984.08.11"]
[EventType "tourn"]
[EventRounds "9"]
[EventCountry "DDR"]
[EventCategory "8"]
[SourceTitle "MCL"]
[Source "ChessBase"]
[SourceDate "1999.07.01"]
[SourceVersion "1"]
[SourceVersionDate "1999.07.01"]
[SourceQuality "1"]

1. d4 d5 2. c4 dxc4 3. Nf3 a6 4. e3 Nf6 5. Bxc4 e6 6. O-O c5 7. Qe2 b5 8. Bd3
cxd4 $1 9. exd4 Nc6 10. Bg5 (10. Rd1 $6 Nb4) (10. a4 $5 {Chekhov} bxa4 (10...
b4 11. Bg5 Be7 12. Nbd2 $1) 11. Bg5 (11. Rxa4 Nb4 12. Bb5+ Bd7 13. Bxd7+ Qxd7
14. Nc3 Be7 15. Bg5 $14)) 10... Be7 (10... Nxd4 11. Nxd4 Qxd4 12. Rd1 Qa7 13.
a4 b4 14. Nd2 Be7 15. Nc4 $44) 11. Rd1 (11. Nc3 Nxd4 12. Nxd4 Qxd4 13. Rfd1 Qg4
$1 14. Qxg4 Nxg4 15. Be4 Ra7 $15) 11... Bb7 12. Nc3 O-O 13. a4 Nb4 1/2-1/2

[Event "EU-chT (Men) 21st"]
[Site "Heraklion"]
[Date "2017.10.29"]
[Round "2.1"]
[White "Giri, Anish"]
[Black "Eljanov, Pavel"]
[Result "1-0"]
[WhiteElo "2762"]
[BlackElo "2720"]
[Annotator "Krasenkow,M"]
[PlyCount "75"]
[EventDate "2017.10.28"]
[EventType "team-swiss"]
[EventRounds "9"]
[EventCountry "GRE"]
[SourceTitle "CBM 182"]
[Source "ChessBase"]
[SourceDate "2018.01.17"]
[SourceVersion "1"]
[SourceVersionDate "2018.01.17"]
[SourceQuality "1"]
[WhiteTeam "Netherlands"]
[BlackTeam "Ukraine"]
[WhiteTeamCountry "NED"]
[BlackTeamCountry "UKR"]

1. d4 d5 2. c4 dxc4 3. Nf3 Nf6 4. e3 e6 5. Bxc4 c5 6. O-O a6 7. Qe2 b5 8. Bd3
Nbd7 (8... cxd4 {is Black's main reply to the retreat of White's bishop to d3.}
) 9. a4 c4 {A double-edged move. Black releases the pressure on White's centre
but obtains a queenside pawn advantage, which can become a serious trump.} (
9... cxd4 $6 {is not good now due to} 10. axb5) (9... b4 {yields White the b3-
and c4-squares, and he gets comfortable play after} 10. Nbd2) (9... bxa4 $5 {
is rarely played but deserves serious attention.}) 10. Bc2 Bb7 11. e4 (11. b3
cxb3 12. Bxb3 b4 (12... Be7 $5 13. Nbd2 O-O 14. Bb2 bxa4 15. Bxa4 Nb6 16. Bc2
Nbd5 17. Rfc1 Nb4 18. Bb3 a5 19. Ne5 Ba6 20. Ndc4 Bd6 21. Qd1 Bc7 {1/2 (21)
Moiseenko,A (2618)-Markowski,T (2610) Plovdiv 2003}) 13. Nbd2 Be7 14. a5 O-O
15. Bb2 Qb8 16. Rfc1 Rc8 17. Bc4 h6 18. e4 Qa7 19. Bd3 Rxc1+ 20. Rxc1 Rc8 21.
Nb3 Rxc1+ 22. Bxc1 Qa8 23. Nfd2 Qc8 $11 {1-0 (44) Kotanjian,T (2545)
-Karpatchev,A (2445) Beirut 2014}) (11. axb5 axb5 12. Rxa8 Qxa8 13. b3 (13.
Nbd2 $6 Be7 14. e4 O-O 15. Re1 Rd8 16. e5 Nd5 17. Ne4 Nb4 $15 {0-1 (60)
Kupchik,A-Capablanca,J New York,NY 1913}) 13... cxb3 14. Bxb3 Be7 15. Qxb5 Bxf3
16. gxf3 Qxf3 17. Nd2 Qg4+ 18. Kh1 O-O $11 {1/2 (29) Jurka,M (2358)-Velicka,P 
(2464) Czechia 2000}) 11... Be7 (11... Qc7 12. axb5 axb5 13. Rxa8+ Bxa8 14. Bg5
(14. d5 $5) 14... Be7 15. Nbd2 e5 16. dxe5 Nxe5 17. Nd4 Qc5 18. Nf5 $14 {
1-0 (39) Byrne,R-Rossetto,H Santa Fe 1961}) 12. Nc3 (12. Nbd2 Qc7 13. e5 Nd5
14. Ne4 Nb4 15. Bb1 Qc6 16. Re1 Nb6 17. axb5 axb5 18. Rxa8+ Bxa8 19. Bg5 Bf8
$13 {0-1 (42) Euwe,M-Przepiorka,D The Hague 1928}) (12. Rd1 O-O 13. Nbd2 Qc7
14. Nf1 Rfe8 15. Ng3 b4 $132 {1-0 (39) Shimanov,A (2519)-Wallner,J (2269)
Oberwart 2010}) (12. Bg5 O-O 13. Nbd2 h6 (13... Re8 14. e5 Nd5 15. Ne4 f5 {
1-0 (40) Epishin,V (2430)-Graf,A (2415) Tashkent 1987} 16. Nd6 $16) 14. Bh4 Nh5
15. Bxe7 Qxe7 16. Qe3 e5 17. h3 Rfc8 $11 {1/2 (45) Jussupow,A (2640)-Salov,V 
(2655) Paris 1992}) 12... b4 13. e5 bxc3 14. exf6 Nxf6 15. bxc3 Bxf3 {[%mdl 32]
The simplest way to equalise. White's knight is a dangerous piece so it is
useful for Black to get rid of it.} 16. Qxf3 Nd5 (16... O-O 17. Rb1 (17. Bf4
Nd5 {[%cal Ye7d6]}) 17... Rb8 18. Bf4 Rxb1 19. Rxb1 Qa8 20. Qb7 Nd5 21. Qxa8
Rxa8 22. Bd2 Bd6 23. Kf1 Rb8 $11 {1/2 (28) Szabo,V (2276)-Khan,V (2137)
Lechenicher SchachServer 2014}) 17. a5 O-O 18. Qh3 f5 {Black's e6-pawn now
becomes weak. However, the weakness of White's c3-pawn is sufficient
compensation for that defect.} (18... g6 $2 {loses an exchange after} 19. Bh6
Re8 20. Ba4) 19. Re1 Rf6 (19... Bg5 20. Bxg5 Qxg5 21. Ba4 $36) 20. Bg5 Rg6 21.
Bxe7 Nxe7 22. Qf3 Nd5 23. Re5 Rf6 24. g3 Rb8 25. Bd1 (25. Rae1 Qd6 $11) 25...
Qc8 $132 (25... Qd6 26. Be2 Qc6 27. Qg2 {[%cal Yg2f1,Ye2f3]}) 26. h4 Rb5 {
Black starts a wrong idea.} (26... Rb2 $142 $132) 27. Kh2 {White creates a
threat that Black overlooks.} h6 $2 (27... Rb2 $132 28. Ba4 $6 Rd2 {[%cal
Rd2d3]}) 28. Ba4 $1 Rb8 (28... Rxa5 $2 29. Bd7 $1 {, and the a1 rook can't be
taken with a check!}) (28... Rb2 29. Rae1 {[%cal Re5e6]}) 29. Rae1 {The
positioning of Black's pieces (especially the queen) is very unfortunate, and
he has no good defence.} Kh8 (29... Kh7 30. Rxe6 Rxe6 31. Qxf5+ Rg6 32. Bd7 Qf8
33. h5 $18) 30. Kg2 (30. Rxd5 $1 exd5 31. Re8+ Qxe8 32. Bxe8 Rxe8 33. Qxd5 Rc8
34. h5 {and White must win due to his passed pawn and Black's numerous
weaknesses (a6, c4, f5). However, Anish Giri prefers not to hurry.}) 30... Ra8
31. Kg1 Rb8 32. Kh2 Ra8 33. Bc2 $6 {That was the last moment for} (33. Rxd5)
33... Qd7 $2 {[%mdl 8192] An expected blunder.} (33... g6 {was quite possible,
with a stubborn defence.}) 34. Rxe6 $1 Rxe6 35. Qxf5 g6 36. Qxe6 Qxe6 37. Rxe6
Nxc3 38. Rxg6 1-0

[Event "POL-ch"]
[Site "Warsaw"]
[Date "2018.05.15"]
[Round "4"]
[White "Krasenkow, Michal"]
[Black "Duda, Jan Krzysztof"]
[Result "1/2-1/2"]
[WhiteElo "2628"]
[BlackElo "2724"]
[Annotator "Krasenkow,M"]
[PlyCount "176"]
[EventDate "2018.05.12"]
[EventType "tourn"]
[EventRounds "9"]
[EventCountry "POL"]
[EventCategory "16"]
[SourceTitle "CBM 185"]
[Source "ChessBase"]
[SourceDate "2018.07.13"]
[SourceVersion "1"]
[SourceVersionDate "2018.07.13"]
[SourceQuality "1"]

1. Nf3 d5 2. d4 Nf6 3. c4 dxc4 4. e3 e6 5. Bxc4 c5 6. Qe2 a6 7. dxc5 Bxc5 8.
O-O Nc6 9. a3 {White avoids the main theoretical lines arising after} (9. e4)
9... Bd6 {Preparing the standard knight exchange: ...Nc6-e5.} (9... b5 {
is also enough for equality:} 10. Bd3 Bd6 11. Rd1 Bb7 12. b4 Qc7 (12... Qb8 $5
13. Bb2 Ne5 14. Nxe5 Bxe5 15. h3 $11) 13. Bb2 Ne5 14. Nxe5 Bxe5 15. Bxe5 Qxe5
16. Nd2 O-O 17. Nb3 Bd5 18. Nc5 a5 19. f4 Qc7 20. Bxb5 axb4 21. axb4 Rxa1 22.
Rxa1 Rb8 23. h3 {1/2 (23) Malaniuk,V (2545)-Vladimirov,Y (2525) Tashkent 1987})
10. b4 {Or else:} (10. Rd1 Qc7 (10... Qe7 $6 {[%csl Re7] 0-1 (70) Swiercz,D 
(2620)-Dominguez Perez,L (2732) Berlin 2015} 11. e4 $5) 11. Nbd2 (11. Bd2 $5)
11... O-O 12. b4 (12. Bd3 b5 (12... Ne5 13. Nxe5 Bxe5 14. f4 Bd6 15. Nc4 Be7 {
1/2 (44) Lysyj,I (2615)-Ionov,S (2548) Dagomys 2010} 16. b4 $14) 13. Nb3 (13.
Ne4 Nxe4 14. Bxe4 Bb7) 13... Bb7 14. Bd2 Ne5 $6 (14... Rac8 $5) 15. Nxe5 Bxe5
16. f4 Bd6 17. Rac1 Qe7 18. Na5 Be4 19. Bc3 $14 {1-0 (47) Cramling,P (2472)
-Makropoulou,M (2282) Eretria 2011}) 12... b5 13. Bb3 (13. Bd3 Ne5 14. Bb2 Nxd3
15. Qxd3 Rd8 16. Qe2 Bb7 17. Rac1 Qe7 18. Nb3 Rac8 19. Na5 Rxc1 20. Rxc1 Rc8
$11 {1/2 (29)-1/2 (29) Khairullin,I (2649)-Lintchevski,D (2543) Taganrog 2011})
13... Bb7 14. Bb2 Rfd8 (14... Ne5 $1 15. Rac1 Nxf3+ 16. Nxf3 Qe7 17. Ne5 Rac8
$11 {CB}) 15. Rac1 Be7 $6 16. Ng5 $16 {1-0 (25) Dubov,D (2619)-Kokarev,D (2621)
Loo 2014 CBM 160 [CB]}) (10. Nbd2 O-O (10... Qc7 11. b4 Ne5 12. Bb2 O-O 13.
Bxe5 $1 Bxe5 14. Rac1 Qb8 15. Nxe5 Qxe5 16. Nf3 $36 {1/2 (33) Maksimenko,A 
(2545)-Kharlov,A (2605) Niksic 1996}) 11. b4 (11. Bd3 b5 (11... Qc7 12. Ra2 Ne5
13. Nxe5 Bxe5 14. f4 Bd6 15. b4 e5 16. Ne4 Nxe4 17. Bxe4 {1/2 (22) Kramnik
Vladimir (2775)-Lautier Joel (2630) Amsterdam 1996} Bd7 18. Rc2 Qb6 $11) 12.
Ne4 Nxe4 13. Bxe4 Bb7 14. Rd1 Qc7 15. Bd2 f5 16. Bxc6 Bxc6 17. Rac1 Qb7 18. Bb4
Bxb4 19. axb4 Bxf3 20. gxf3 {1/2 (20) Cramling,P (2494)-Brynell,S (2484)
Gothenburg 2005}) 11... b5 (11... e5 12. Bd3 Qe7 {1-0 (35) Rodriguez,J (2570)
-Peek,M (2480) IECG 2005} 13. Ne4 $14) 12. Ba2 (12. Bb3 a5 13. Bb2 axb4 14.
Qxb5 Bd7 15. Qd3 Be7 16. Nc4 bxa3 17. Bxa3 Bxa3 18. Rxa3 Nb4 19. Qd6 Rxa3 20.
Nxa3 Qb8 {1/2 (20) Bronowicki,M (2274)-Tomczak,J (2448) Szklarska Poreba 2007})
12... a5 13. bxa5 Ba6 14. Bb2 Nxa5 15. Rfd1 b4 16. Qe1 Bd3 17. Bb1 {1/2 (17)
Ionov,S (2539)-Vorobiov,E (2580) Sochi 2007}) 10... b5 (10... Ng4 $6 11. Bb2
Qc7 12. h3 Nh2 13. Nxh2 Bxh2+ 14. Kh1 Be5 15. Nc3 O-O 16. Rac1 $14 {1-0 (41)
Pogorelov,R (2400)-Magem Badals,J (2510) Seville 1993}) (10... Ne5 $5) 11. Bb3
({Here after} 11. Bd3 Ne5 12. Nxe5 Bxe5 13. Ra2 O-O {Black has a good position.
However, after the game move White's bishop is misplaced.}) (11. Ba2 Bb7 12.
Bb2 {1/2 (32) Buerger,V-Bogoljubow,E London 1927} Qb8 $1) 11... Bb7 (11... Ne5
$5) 12. Bb2 Qb8 $5 13. Nbd2 Ne5 14. Nxe5 $6 {Obvious but poor. White exchanges
his active pieces and remains with a passive bishop.} (14. Nd4 O-O 15. f4 Ned7
$13) 14... Bxe5 15. Bxe5 Qxe5 16. Nf3 $6 (16. Bc2 {[%cal Yd2b3] was now a must.
}) 16... Bxf3 17. Qxf3 O-O $15 {[%csl Rb3][%mdl 32] A typical example of an
advantage of the knight over a "killed" bishop (restricted by enemy pawns).
Interestingly, the position is semi-open rather than closed, and still,
White's bishop is extremely poor.} 18. Qf4 $6 {White's queen can achieve
nothing there.} (18. Rfc1 $142 {[%cal Yf3d1]}) 18... Qc3 19. Rab1 Rac8 20. a4
$2 {[%mdl 8192] And finally, a blunder.} (20. Rfe1 Rfd8 21. e4 {was rather
unpleasant but White had hardly anything better.}) 20... bxa4 21. Bxa4 Rc4 22.
Rb3 $8 {Material losses are inevitable but White finds a good way to put up
resistance.} ({After} 22. Qd6 Ne4 {[%cal Re4d2] White can save the exchange by}
23. Qd1 {but at least, Black wins White's b4-pawn.}) 22... Qxb3 (22... Rxf4 $5
23. Rxc3 Rxb4 24. Ra3 Ne4 {Of course, Black has technical problems but at
least the pawns will not be on the same side. The text move leads to a curious
endgame "N+4P vs B+3P".}) 23. Bxb3 Rxf4 24. exf4 {[%mdl 4096]} Rb8 25. Ra1 Rxb4
26. Rxa6 g6 (26... g5 $2 27. fxg5 Rxb3 28. Ra8+ Kg7 29. gxf6+) 27. Bc2 $1 Rxf4
28. Ra4 $1 {The right idea. It is easier to defend without rooks on the board.}
Rxa4 29. Bxa4 g5 $1 {Preventing h2-h4. Here, planning my defence, I came to
the conclusion that I should leave my pawn on h2, where it is more difficult
for Black to attack it. The endgame requires a special investigation, of
course.} 30. g3 Kg7 31. Kg2 Nd5 32. Kf3 f5 33. Bd7 Kf6 34. Ke2 Ke7 35. Bc8 h6
36. Kd3 Nf6 37. f3 Nh5 38. Kd4 Kd6 39. Ba6 Nf6 40. Bd3 h5 41. Bc4 h4 {Perhaps
it was better for Black to refrain from this simplifying move but it is still
unclear how he could break through:} (41... e5+ $5 42. Ke3 Nd5+ 43. Kf2 g4 (
43... Kc5 44. Bd3 Ne7 45. Ke3) 44. fxg4 hxg4 45. Bf1 $5 {[%cal Yh2h3]}) 42.
gxh4 gxh4 43. Ba6 Nd5 44. Bc4 Nf4 45. Bb3 {Despite a lot of effort, Black
fails to find a winning plan:} Ng2 46. Bc4 e5+ 47. Kd3 Ke7 48. Ke2 Kf6 49. Kf2
Nf4 50. Ke3 Kg5 51. Bb3 Ng6 52. Bc4 Ne7 53. Bb3 Nc8 54. Be6 Nd6 55. Bd5 Nb5 56.
Bc4 Nc3 57. Bb3 Nb5 58. Bc4 Nc7 59. Bb3 Ne8 60. Bf7 Nf6 61. Be6 Kg6 62. Kd3 Nh5
63. Ke3 Kf6 64. Bc4 Nf4 65. Bb3 Nh3 66. Bc4 Ke7 67. Ba6 Nf4 68. Bc4 Kd6 69. Bg8
Ne6 70. Bf7 Ng5 71. Bh5 Ke6 72. f4 {After another pawn exchange Black's
winning chances quickly disappear.} exf4+ 73. Kxf4 Kf6 74. Be2 Ne6+ 75. Kf3 Kg5
(75... Nd4+ 76. Ke3 Nxe2 77. Kxe2 {is a theoretical draw.}) 76. Ba6 Nd4+ 77.
Ke3 Nc6 78. Kf3 Ne5+ 79. Kg2 Kg4 80. Bc8 Nd3 81. Bd7 Nb2 82. Bc8 Nc4 83. Bd7
Ne3+ 84. Kf2 Kf4 85. Bc8 h3 86. Bxf5 Nxf5 87. Kg1 Nh4 88. Kh1 Nf3 1/2-1/2

[Event "Belgrade GMA op"]
[Site "Belgrade"]
[Date "1988.??.??"]
[Round "?"]
[White "Huzman, Alexander"]
[Black "Lin, Ta"]
[Result "0-1"]
[WhiteElo "2465"]
[BlackElo "2380"]
[Annotator "Lin Ta"]
[PlyCount "56"]
[EventDate "1988.12.??"]
[EventType "swiss"]
[EventRounds "9"]
[EventCountry "YUG"]
[SourceTitle "TD"]
[Source "ChessBase"]
[SourceDate "1994.03.01"]
[SourceVersion "1"]
[SourceVersionDate "1994.03.01"]
[SourceQuality "1"]

1. d4 d5 2. c4 dxc4 3. Nf3 (3. e3 Nf6 4. Nf3 e6 5. Bxc4 c5 6. O-O a6 7. a4 Nc6
8. Qe2 cxd4 9. Rd1 Be7 10. exd4 O-O 11. Nc3) (3. e4 e5 4. Nf3 exd4 5. Bxc4 Bb4+
6. Nbd2 Nc6 7. O-O Nf6 8. e5) 3... a6 4. e3 e6 5. Bxc4 c5 6. O-O Nf6 7. Qe2 b5
8. Bd3 cxd4 9. exd4 Bb7 10. a4 b4 11. Bg5 (11. Nbd2) 11... Nc6 $1 (11... Be7
12. Nbd2) 12. Bxf6 gxf6 13. Rd1 Ne7 14. Nbd2 Nd5 15. Qe4 Be7 (15... f5 16. Qe5
Rg8 17. Bxf5 Bd6 18. Qe1 Nf4 19. g3 $16) 16. Nb3 (16. Nc4 $5) 16... f5 $1 17.
Qe5 Bf6 (17... Rg8 18. Nc5 Bxc5 19. dxc5 Qc7 $10) 18. Qg3 Ne7 $1 19. Nc5 Bd5
20. Bxa6 (20. Nxa6 Rxa6 $1 21. Bxa6 Rg8 22. Qh3 Ng6) 20... Rxa6 $1 (20... Ra7
$2 21. Bb5+ Kf8 22. Ne5 $18) 21. Nxa6 Rg8 22. Qf4 $1 (22. Nc7+ Kf8 23. Nxd5
Rxg3 24. Nxf6 Rg6 $19) 22... Ng6 $1 (22... Rg4 23. Nc7+ Kf8 24. Nxd5 $18) 23.
Qc7 $1 (23. Qg3 Kf8) (23. Qb8 Qxb8 24. Nxb8 Nf4 25. Ne1 Nh3+ 26. Kf1 Bc4+ $19)
23... Qa8 24. Qd6 $1 Bd8 $1 25. Rdc1 $6 (25. Rac1 $1) 25... Nh4 26. Nc7+ (26.
Rc7 Nxf3+ 27. Kh1 Ne5 $19) (26. Nxh4 Bxg2 $19) 26... Bxc7 27. Rxc7 Nxf3+ 28.
Kf1 $2 (28. Kh1 Qd8 $1 29. Qxd8+ Kxd8 30. Rac1 Rg7) 28... Bc4+ $1 (28... Bc4+
$1 29. Rxc4 Nd2+ $19) 0-1